Etimologia dei Paesi #7 - Statistics

Statistiche generali
  • Questo quiz è stato fatto 32 volte
  • Il punteggio medio è 6 su 10
Statistiche sulle risposte
Etimologia Paese % Corretto
Da Čechové, nome di una tribù slava Repubblica Ceca
96%
"Terra di ghiaccio" Islanda
85%
Dalla città spagnola di Granada Grenada
78%
Dal popolo degli Swazi eSwatini
74%
"Via settentrionale", in norreno Norvegia
70%
Dal giorno della settimana in cui Colombo scoprì l'isola Dominica
67%
In riferimento all'unione federale di entità politiche indipendenti in America Stati Uniti
56%
"Terra degli Aesti" Estonia
52%
In riferimento all'ideale di nazione abitata da ex schiavi d'America Liberia
44%
Da "miele" in greco, o da "porto" in fenicio Malta
19%
Nessun quiz corrispondente trovato
Distribuzione punteggi
Percentuale di utenti per punteggio
Percentile per numero di risposta
I tuoi punteggi nel tempo
Non hai fatto questo quiz